सहकारी घरबांधणी निर्माण (Record no. 1024020)

MARC details
000 -LEADER
fixed length control field 00670nam a2200181Ia 4500
008 - FIXED-LENGTH DATA ELEMENTS--GENERAL INFORMATION
fixed length control field 151018s9999 xx 000 0 und d
082 ## - DEWEY DECIMAL CLASSIFICATION NUMBER
Item number RBASDV24375
Classification number 720
100 ## - MAIN ENTRY--PERSONAL NAME
Personal name म प्र महाजन
245 ## - TITLE STATEMENT
Title सहकारी घरबांधणी निर्माण
250 ## - EDITION STATEMENT
Remainder of edition statement 3
260 ## - PUBLICATION, DISTRIBUTION, ETC. (IMPRINT)
Name of publisher, distributor, etc राजेंद्र प्रकाशन ठाणे
Date of publication, distribution, etc 1992
300 ## - PHYSICAL DESCRIPTION
Extent 763
600 ## - SUBJECT ADDED ENTRY--PERSONAL NAME
Personal name म प्र महाजन
630 ## - SUBJECT ADDED ENTRY--UNIFORM TITLE
Uniform title सहकारी घरबांधणी निर्माण
700 ## - ADDED ENTRY--PERSONAL NAME
Personal name म प्र महाजन
730 ## - ADDED ENTRY--UNIFORM TITLE
Uniform title सहकारी घरबांधणी निर्माण
942 ## - ADDED ENTRY ELEMENTS (KOHA)
Koha item type Book
Holdings
Withdrawn status Lost status Damaged status Not for loan Home library Current library Date acquired Cost, normal purchase price Total Checkouts Full call number Barcode Date last seen Cost, replacement price Price effective from Koha item type
        R.B. Anant Shivaji Desai Vachanalaya and Granthalaya, Kudal R.B. Anant Shivaji Desai Vachanalaya and Granthalaya, Kudal 08/12/2009 21.00   RBASDV24375 RBASDV24375 10/18/2015 21.00 10/18/2015 Book